Факсимильное воспроизведение пяти листов (80 страниц) альманаха А. Бестужева и К. Рылеева "Звездочка", отпечатанных в 1825 году: [приложение]; История альманаха. Авторы. Публикация материалов "Звездочки" по рукописи, представленной цензору

Bibliographic Details
Other Authors: Давтян Л. Я. (редактор)
Summary:По восемь стр. с каждой стороны листа
Листы в обертке
В футляре с 81-6629.
Language:Russian
Published: [Москва], [Книга], [1981]
Edition:Факсимильное изд.
Subjects:
Format: Book
KOHA link:https://koha.lib.tpu.ru/cgi-bin/koha/opac-detail.pl?biblionumber=179723

MARC

LEADER 00000nam0a2200000 4500
001 179723
005 20231031170513.0
035 |a (RuTPU)RU\TPU\book\194823 
090 |a 179723 
100 |a 20100426e1981 m y0rusy50 ca 
101 0 |a rus 
102 |a RU 
105 |a y z 000zy 
200 1 |a Факсимильное воспроизведение пяти листов (80 страниц) альманаха А. Бестужева и К. Рылеева "Звездочка", отпечатанных в 1825 году  |e [приложение]  |f под ред. Л. Я. Давтян 
205 |a Факсимильное изд. 
210 |a [Москва]  |c [Книга]  |d [1981] 
215 |a 80 с.  |d 14 см. 
300 |a По восемь стр. с каждой стороны листа 
300 |a Листы в обертке 
300 |a В футляре с 81-6629. 
422 1 |0 (RuTPU)RU\TPU\book\194872  |t История альманаха. Авторы. Публикация материалов "Звездочки" по рукописи, представленной цензору  |f под ред. Л. Я. Давтян ; авт. предисл. Я. Левкович  |e Факсимильное изд.  |c М.  |n Книга  |d 1981  |p 136, [5] с. 
610 1 |a 19 век 
610 1 |a русская литература 
610 1 |a альманахи 
610 1 |a Звездочка 
686 |a Ч611.68  |v LBC/SL-A  |2 rubbk 
702 1 |a Давтян  |b Л. Я.  |4 340 
801 1 |a RU  |b 63413507  |c 20100426 
801 2 |a RU  |b 63413507  |c 20100428  |g RCR 
942 |c BK